Les 20 animaux les plus dangereux en 2022 - Statistiques

Statistiques générales
  • Ce quiz a été pris 4 938 fois
  • Le résultat moyen est 10 sur 20
Statistiques - réponses
Hint Réponse % Correct
110 morts Lion
94%
6 morts Requin
91%
60000 morts Serpent
83%
830 000 morts Moustique
81%
50 morts Tigre
81%
17400 morts Chien
79%
500 morts Hippopotame
73%
100 morts Elephant
69%
1000 morts Crocodile
64%
10 morts Loup
52%
3500 morts Scorpion
41%
60 morts Abeille
36%
40 morts Méduse
36%
3500 morts Mouche Tsé-Tsé
31%
580 000 morts Homme
25%
4400 morts Escargot d'eau douce
9%
8000 morts Punaise prédatrice
6%
1600 morts Ténia
3%
2700 morts Ascaris
1%
24200 morts Moustique des sables
0%
Aucun quiz correspondant
Distribution des résultats
% des personnes avec chaque résultat
Percentile par nombre de réponses
Votre historique - résultats
Vous n’avez pas pris ce quiz